000 00311nam a2200133Ia 4500
008 241014s9999||||xx |||||||||||||| ||und||
020 _a978-8131204740
060 _a N 2008
100 _aAntonio Nanci
245 0 _aTen Cate's Oral Histology.
250 _a7th
260 _bElsevier
_c2008
942 _bDIMC
_cBK
999 _c8786
_d8786